Normal view
MARC view
Entry Personal Name
001 - CONTROL NUMBER
- control field: 6038
003 - CONTROL NUMBER IDENTIFIER
- control field: BD-RjUL
005 - DATE AND TIME OF LATEST TRANSACTION
- control field: 20221127163650.0
008 - FIXED-LENGTH DATA ELEMENTS
- fixed length control field: 221127|| aca||aabn | a|a d
040 ## - CATALOGING SOURCE
- Original cataloging agency: BD-RjUL
- Transcribing agency: BD-RjUL
100 ## - HEADING--PERSONAL NAME
- Personal name: Nurunnabi, Abdul Awal Md
670 ## - SOURCE DATA FOUND
- Source citation: Work cat.: (BD-RjUL)80851: Nurunnabi, Abdul Awal Md., Robust Diagnostic Deletion Techniques in Linear and Logistic Regression /, 2008